000
00243nam a2200109Ia 4500
008
220204s9999 xx 000 0 und d
082
_a
82-3
_b
QUI
100
_a
Quinnnell, A J
245
0
_a
Mahdi
260
_a
London
_b
Futura
_c
1983
942
_c
BK
999
_c
38703
_d
38703